00437pab a2200157 454500008004000000100002200040245006300062260000900125300001300134362000800147650001800155650002600173650002200199650001400221773004400235180718b2006 xxu||||| |||| 00| 0 eng d aSinghania, Ankita aCopyright laws in India and maintenance of a welfare state c2006 ap.43-52. aJan aSocial policy aIndia - Social policy aCopyright - India aCopyright aJournal of Intellectual property Rights